[Event "Politiken Cup"]
[Site "Copenhagen"]
[Date "2006.07.27"]
[Round "6.15"]
[White "Boros, Denes"]
[Black "Christensen, Stefan"]
[Result "1-0"]
[WhiteElo "2462"]
[BlackElo "2277"]
[PlyCount "111"]
[EventDate "2006.??.??"]

1. e4 e6 2. d4 d5 3. Nc3 Bb4 4. e5 c5 5. a3 Bxc3+ 6. bxc3 Ne7 7. Nf3 Qa5 8. Bd2
Nbc6 9. Rb1 c4 10. Qc1 b6 11. g3 Bd7 12. h4 O-O-O 13. Bh3 f6 14. O-O fxe5 15.
dxe5 Rdf8 16. Nd4 Nxe5 17. Qe1 Nf3+ 18. Nxf3 Rxf3 19. Qe2 Rf6 20. Bg5 Qxc3 21.
Bxf6 Qxf6 22. Kh2 Nf5 23. f4 h6 24. Rbe1 Re8 25. Rf2 Qg6 26. Qf3 Nd6 27. Re5
Nf7 28. Ree2 Nd6 29. Rf1 Rf8 30. Qe3 Nf5 31. Qf2 Qf6 32. a4 Bxa4 33. g4 Nd4 34.
g5 Qxf4+ 35. Qxf4 Rxf4 36. Rxf4 Nxe2 37. Rf7 Nd4 38. c3 Nf5 39. g6 Bc2 40. h5
b5 41. Bxf5 Bxf5 42. Rxg7 d4 43. Rf7 Bd3 44. g7 Bh7 45. Rf8+ Kd7 46. Rh8 Ke7
47. Rxh7 Kf7 48. cxd4 a5 49. Rxh6 Kxg7 50. Rxe6 c3 51. Rc6 b4 52. h6+ Kh7 53.
d5 b3 54. Rxc3 a4 55. Rc7+ Kxh6 56. Rb7 1-0

[Event "Politiken Cup"]
[Site "Copenhagen"]
[Date "2006.07.27"]
[Round "6.16"]
[White "Tjiam, Dharma"]
[Black "Haapasalo, Jukka-Pekka"]
[Result "1-0"]
[WhiteElo "2391"]
[BlackElo "2200"]
[PlyCount "105"]
[EventDate "2006.??.??"]

1. d4 Nf6 2. c4 e6 3. Nf3 c5 4. g3 cxd4 5. Nxd4 Bb4+ 6. Bd2 Qb6 7. Bxb4 Qxb4+
8. Qd2 Qxd2+ 9. Nxd2 Nc6 10. Nxc6 dxc6 11. c5 Nd5 12. Rc1 Ke7 13. Bg2 Rd8 14.
Ne4 Rb8 15. O-O Nf6 16. Nd6 e5 17. f4 exf4 18. gxf4 Ne8 19. Nc4 Nc7 20. e4 Bg4
21. Nd6 Ne8 22. h3 Be2 23. Rfe1 Ba6 24. e5 f6 25. Rc3 fxe5 26. fxe5 Nc7 27. b4
Rf8 28. Re4 Nd5 29. Rg3 g6 30. a4 b5 31. Ra3 Ke6 32. a5 Bc8 33. Rh4 h5 34.
Bxd5+ Kxd5 35. Rd3+ Kxe5 36. Re4+ Kf6 37. Ne8+ Kg5 38. Rg3+ Kh6 39. Nd6 Bf5 40.
Re7 a6 41. h4 Rf6 42. Rf3 Rbf8 43. Rc7 Be6 44. Rxf6 Rxf6 45. Rxc6 Rf4 46. Rxa6
Rxb4 47. c6 Rb1+ 48. Kf2 Rc1 49. Nxb5 Bc4 50. Rb6 Bxb5 51. Rxb5 Rxc6 52. Rb4 g5
53. Rb6 1-0

[Event "Politiken Cup"]
[Site "Copenhagen"]
[Date "2006.07.27"]
[Round "6.17"]
[White "Brinck-Claussen, Bjorn"]
[Black "Hvenekilde, Jorgen"]
[Result "1/2-1/2"]
[WhiteElo "2358"]
[BlackElo "2181"]
[PlyCount "29"]
[EventDate "2006.??.??"]

1. e4 e6 2. d4 d5 3. Nc3 dxe4 4. Nxe4 Nf6 5. Bd3 Be7 6. Nf3 b6 7. Qe2 Bb7 8.
Bg5 Nxe4 9. Bxe4 Bxe4 10. Qxe4 Qd5 11. Qxd5 exd5 12. Bxe7 Kxe7 13. O-O-O f6 14.
Rhe1+ Kd7 15. Nh4 1/2-1/2

[Event "Politiken Cup"]
[Site "Copenhagen"]
[Date "2006.07.27"]
[Round "6.18"]
[White "Muratet Casadevall, Albert"]
[Black "Tallaksen, Geir S"]
[Result "1/2-1/2"]
[WhiteElo "2216"]
[BlackElo "2356"]
[PlyCount "48"]
[EventDate "2006.??.??"]

1. e4 e5 2. Bc4 Nf6 3. d3 Nc6 4. Nf3 Be7 5. O-O O-O 6. Bb3 d6 7. c3 Na5 8. Bc2
c5 9. Nbd2 Qc7 10. Re1 Be6 11. Nf1 Nc6 12. Qe2 Rad8 13. Ng3 Rfe8 14. h3 d5 15.
exd5 Nxd5 16. Ng5 Bxg5 17. Bxg5 f6 18. Be3 Nxe3 19. Qxe3 Qb6 20. b3 Ne7 21. Ne4
Rc8 22. Qg3 Bf5 23. Rad1 Nd5 24. b4 Bxe4 1/2-1/2

[Event "Politiken Cup"]
[Site "Copenhagen"]
[Date "2006.07.27"]
[Round "6.19"]
[White "Friesen, Boris"]
[Black "Zozulia, Anna"]
[Result "1/2-1/2"]
[WhiteElo "2146"]
[BlackElo "2352"]
[PlyCount "85"]
[EventDate "2006.??.??"]

1. e4 g6 2. d4 Bg7 3. c4 d6 4. Nc3 Nc6 5. Nge2 e5 6. Be3 Bh6 7. Qd2 Bxe3 8.
Qxe3 exd4 9. Nxd4 Nxd4 10. Qxd4 Qf6 11. Rd1 Qxd4 12. Rxd4 Bd7 13. Be2 O-O-O 14.
O-O Ne7 15. Nd5 Nc6 16. Rd2 f5 17. Nf6 Be6 18. exf5 Bxf5 19. Bg4 Bxg4 20. Nxg4
Rde8 21. b3 Re6 22. Rfd1 Rhe8 23. Kf1 a5 24. Ne3 b6 25. Nc2 Kd7 26. g3 g5 27.
h3 Re4 28. Rd5 h6 29. Ne3 Ne7 30. R5d4 Rxe3 31. fxe3 Nf5 32. Kf2 Nxd4 33. exd4
h5 34. Rd3 Re4 35. d5 g4 36. hxg4 hxg4 37. Re3 Rd4 38. Ke2 c6 39. Rd3 Re4+ 40.
Re3 Rd4 41. Rd3 Re4+ 42. Re3 Rd4 43. Rd3 1/2-1/2

[Event "Politiken Cup"]
[Site "Copenhagen"]
[Date "2006.07.27"]
[Round "6.20"]
[White "Aabling-Thomsen, Jakob"]
[Black "Penalver, Osmani"]
[Result "0-1"]
[WhiteElo "2271"]
[BlackElo "2126"]
[PlyCount "88"]
[EventDate "2006.??.??"]

1. e4 c5 2. Nf3 d6 3. d4 cxd4 4. Qxd4 Nc6 5. Bb5 Bd7 6. Bxc6 Bxc6 7. Nc3 e6 8.
Bg5 Nf6 9. O-O-O Be7 10. Rhe1 Qa5 11. Qd2 O-O 12. Kb1 Rfd8 13. Nd4 h6 14. Bxf6
Bxf6 15. f4 Qc5 16. Qe3 Rac8 17. g4 b5 18. g5 hxg5 19. fxg5 Bxg5 20. Qd3 Bf6
21. Nb3 Qe5 22. a3 a6 23. h4 Ba8 24. Nd2 Qc5 25. Na2 Qd4 26. Qb3 d5 27. e5 Be7
28. Qh3 Qxh4 29. Qd3 d4 30. Rg1 Qh7 31. Qg3 Qxc2+ 32. Ka1 g6 33. Rdf1 Bf8 34.
Nf3 Qb3 35. Nc1 Rxc1+ 36. Rxc1 Bd5 37. Kb1 d3 38. Rc7 Qa2+ 39. Kc1 Qa1+ 40. Kd2
Qxb2+ 41. Ke3 Qe2+ 42. Kf4 Qe4+ 43. Kg5 Qf5+ 44. Kh4 Qh5# 0-1

[Event "Politiken Cup"]
[Site "Copenhagen"]
[Date "2006.07.27"]
[Round "6.21"]
[White "Andreasen, Per"]
[Black "Holst, Conny"]
[Result "1/2-1/2"]
[WhiteElo "2283"]
[BlackElo "2124"]
[PlyCount "87"]
[EventDate "2006.??.??"]

1. e4 c5 2. Nf3 a6 3. c3 g6 4. d4 cxd4 5. cxd4 d5 6. exd5 Bg7 7. Qa4+ Nd7 8.
Nc3 Ngf6 9. Bd3 O-O 10. O-O Nb6 11. Qb3 Nbxd5 12. Re1 b5 13. Bd2 Bb7 14. Ne5
Qb6 15. a4 bxa4 16. Qxb6 Nxb6 17. Nxa4 Nxa4 18. Rxa4 Rfd8 19. Rea1 Ne4 20. Ba5
Rd6 21. f3 Ng5 22. Bf1 Ne6 23. Bc3 Rad8 24. Bxa6 Bxa6 25. Rxa6 Rxa6 26. Rxa6
Nxd4 27. Bxd4 Rxd4 28. Ra8+ Bf8 29. b4 Kg7 30. b5 e6 31. Rc8 Rd5 32. f4 Rxb5
33. Rc7 Bc5+ 34. Kf1 Bd6 35. Rxf7+ Kg8 36. Rd7 Bxe5 37. fxe5 Rxe5 38. Kf2 Rf5+
39. Ke3 Rf7 40. Rd6 Re7 41. Ke4 Kf7 42. Rd2 Ra7 43. Rf2+ Ke7 44. Rb2 1/2-1/2

[Event "Politiken Cup"]
[Site "Copenhagen"]
[Date "2006.07.27"]
[Round "6.22"]
[White "Sylvan, Jacob"]
[Black "Soraas, Torben"]
[Result "1/2-1/2"]
[WhiteElo "2279"]
[BlackElo "2115"]
[PlyCount "69"]
[EventDate "2006.??.??"]

1. e4 e6 2. d4 d5 3. Nd2 dxe4 4. Nxe4 Nd7 5. Nf3 Ngf6 6. Nxf6+ Nxf6 7. c3 c5 8.
Ne5 a6 9. Qa4+ Bd7 10. Nxd7 Qxd7 11. Qxd7+ Nxd7 12. Be3 cxd4 13. Bxd4 e5 14.
Be3 Bc5 15. Ke2 O-O-O 16. g3 Bxe3 17. Kxe3 Nc5 18. b3 f5 19. Bh3 g6 20. Rhd1
Kc7 21. Bg2 Rhf8 22. Ke2 b5 23. Rxd8 Rxd8 24. Rd1 Rxd1 25. Kxd1 Nd3 26. Ke2 Nc5
27. b4 Na4 28. Kd3 Nb6 29. Bf1 Kd6 30. Be2 Kd5 31. Bd1 e4+ 32. Ke2 Ke5 33. Bb3
Kf6 34. Ke3 Ke5 35. Ke2 1/2-1/2

[Event "Politiken Cup"]
[Site "Copenhagen"]
[Date "2006.07.27"]
[Round "6.23"]
[White "Jaeger, Frode Bull"]
[Black "Nielsen, Max"]
[Result "1-0"]
[WhiteElo "2104"]
[BlackElo "2267"]
[PlyCount "81"]
[EventDate "2006.??.??"]

1. e4 e5 2. Nf3 Nc6 3. Bb5 a6 4. Ba4 Nf6 5. O-O b5 6. Bb3 Bb7 7. c3 Nxe4 8. d4
Na5 9. Nxe5 Nxb3 10. Qxb3 Nd6 11. Re1 Be7 12. a4 O-O 13. Nd2 Kh8 14. Nf1 f6 15.
Nd3 bxa4 16. Qxa4 Nf5 17. Qa5 Nh4 18. d5 f5 19. c4 Ng6 20. Bd2 f4 21. f3 d6 22.
Re4 Bg5 23. Bc3 Bc8 24. Nb4 Bf5 25. Re2 Bf6 26. Nc6 Bxc3 27. Qxc3 Qg5 28. Nd2
Rf6 29. b4 Nh4 30. Rxa6 Raf8 31. Ne7 Rh6 32. Ra7 Bh3 33. Rxc7 Nxg2 34. Ne4 Qh5
35. Nf5 Rg6 36. Rxg7 Ne3+ 37. Neg3 Rff6 38. Qxf6 Rxf6 39. Nxh5 Rxf5 40. Nxf4
Rxf4 41. Rg3 1-0

[Event "Politiken Cup"]
[Site "Copenhagen"]
[Date "2006.07.27"]
[Round "6.24"]
[White "Albrecht, Rainer"]
[Black "Holstein, Erik"]
[Result "1/2-1/2"]
[WhiteElo "2256"]
[BlackElo "2105"]
[PlyCount "35"]
[EventDate "2006.??.??"]

1. d4 f5 2. g3 g6 3. Bg2 Nf6 4. Nf3 Bg7 5. O-O O-O 6. c4 d6 7. Nc3 Nc6 8. d5
Ne5 9. Qb3 Nxf3+ 10. Bxf3 Nd7 11. Be3 Ne5 12. Bg2 Ng4 13. Bd2 e5 14. dxe6 Bxe6
15. Nd5 Rb8 16. Qc2 Ne5 17. f4 Ng4 18. h3 1/2-1/2

[Event "Politiken Cup"]
[Site "Copenhagen"]
[Date "2006.07.27"]
[Round "6.25"]
[White "Grassie, Duncan"]
[Black "Hanssen, Gunnar Berg"]
[Result "1-0"]
[WhiteElo "2042"]
[BlackElo "2254"]
[PlyCount "53"]
[EventDate "2006.??.??"]

1. d4 Nf6 2. Bg5 e6 3. e4 h6 4. Bxf6 Qxf6 5. Nc3 d6 6. Qd2 c6 7. f4 e5 8. dxe5
dxe5 9. f5 Bb4 10. Nf3 Nd7 11. Bc4 Qe7 12. a3 Ba5 13. O-O-O Nf6 14. Rde1 Bd7
15. g4 O-O-O 16. Qe3 Bb6 17. Qe2 Nxg4 18. Na4 Bf2 19. Rd1 Be3+ 20. Kb1 Bf4 21.
Rd3 Nf6 22. Ba6 c5 23. Bxb7+ Kxb7 24. Rb3+ Ka8 25. Nb6+ axb6 26. Qa6+ Kb8 27.
Qxb6+ 1-0

[Event "Politiken Cup"]
[Site "Copenhagen"]
[Date "2006.07.27"]
[Round "6.26"]
[White "Forsaa, Espen"]
[Black "Petersen, Soren Boeck"]
[Result "1/2-1/2"]
[WhiteElo "2065"]
[BlackElo "2244"]
[PlyCount "85"]
[EventDate "2006.??.??"]

1. c4 e5 2. Nc3 Nf6 3. g3 Bb4 4. Bg2 O-O 5. Nd5 Bc5 6. e3 c6 7. Nxf6+ Qxf6 8.
Ne2 d6 9. d4 exd4 10. Nxd4 Be6 11. Nxe6 Bb4+ 12. Bd2 Bxd2+ 13. Qxd2 Qxe6 14. b3
Na6 15. O-O Rad8 16. Rad1 Nc5 17. Qd4 Qe5 18. b4 Qxd4 19. exd4 Na4 20. b5 cxb5
21. cxb5 Nc3 22. Rd3 Nxb5 23. Rb1 a6 24. a4 Nc7 25. Rxb7 Ne6 26. Ra7 Rc8 27.
Rxa6 Rc1+ 28. Bf1 Rb8 29. f4 g5 30. f5 Nxd4 31. Rxd4 Rbb1 32. Kg2 Rxf1 33. Ra5
Rbd1 34. Rad5 Rxd4 35. Rxd4 Ra1 36. Kf3 Kg7 37. Kg4 f6 38. Kh5 Ra2 39. h4 gxh4
40. gxh4 Rf2 41. Kg4 Ra2 42. Kf3 d5 43. Rxd5 1/2-1/2

[Event "Politiken Cup"]
[Site "Copenhagen"]
[Date "2006.07.27"]
[Round "6.27"]
[White "Frisk, Ellinor"]
[Black "Mikkelsen, Nikolaj"]
[Result "0-1"]
[WhiteElo "1998"]
[BlackElo "2236"]
[PlyCount "56"]
[EventDate "2006.??.??"]

1. e4 c5 2. Nf3 d6 3. d4 cxd4 4. Nxd4 Nf6 5. Nc3 a6 6. Be3 e6 7. f3 b5 8. Qd2
Nbd7 9. g4 Nb6 10. O-O-O Bb7 11. Qf2 Nfd7 12. Bd3 Rc8 13. Nce2 Nc4 14. Bxc4
Rxc4 15. Ng3 Qc7 16. g5 g6 17. f4 Nc5 18. f5 e5 19. Rhe1 Nxe4 20. Nxe4 Bxe4 21.
c3 gxf5 22. Nc2 Be7 23. h4 b4 24. Qe2 d5 25. Bg1 bxc3 26. b3 Qa5 27. Rxd5 Ba3+
28. Kd1 Qxd5+ 0-1

[Event "Politiken Cup"]
[Site "Copenhagen"]
[Date "2006.07.27"]
[Round "6.28"]
[White "Nielsen, Lars Aaes"]
[Black "Zachariassen, John"]
[Result "1-0"]
[WhiteElo "2247"]
[BlackElo "1831"]
[PlyCount "71"]
[EventDate "2006.??.??"]

1. e4 g6 2. d4 Bg7 3. Be3 d6 4. Nc3 Nf6 5. Be2 Nbd7 6. g4 h6 7. Qd2 c6 8. f4 b5
9. a3 a5 10. e5 Ng8 11. Bf3 d5 12. f5 Nb6 13. Qd3 b4 14. axb4 Ba6 15. b5 cxb5
16. fxg6 f6 17. Nxb5 fxe5 18. dxe5 Nc4 19. Qf5 Nxe5 20. Bxd5 Bxb5 21. O-O-O Qb8
22. Nf3 Bd7 23. Bf7+ Kf8 24. Be6+ Bf6 25. Nxe5 Be8 26. Bf4 Kg7 27. h4 Qb5 28.
g5 Rb8 29. gxf6+ Nxf6 30. Nd3 Qxf5 31. Bxf5 Rb5 32. Be5 Bc6 33. Rhg1 a4 34. c4
Rb3 35. Nf4 Ra8 36. Nh5+ 1-0

[Event "Politiken Cup"]
[Site "Copenhagen"]
[Date "2006.07.27"]
[Round "6.29"]
[White "Danielsson, Robert"]
[Black "Carstensen, Jacob"]
[Result "1/2-1/2"]
[WhiteElo "2037"]
[BlackElo "2326"]
[PlyCount "108"]
[EventDate "2006.??.??"]

1. d4 d5 2. c4 dxc4 3. e3 e5 4. Bxc4 exd4 5. exd4 Nf6 6. Nf3 Bd6 7. O-O O-O 8.
h3 h6 9. Nc3 Nc6 10. Qc2 Be7 11. Be3 Nb4 12. Qb1 Nbd5 13. Qd3 Be6 14. a3 Qc8
15. Rad1 Nxc3 16. Bxe6 Qxe6 17. Qxc3 Nd5 18. Qd3 Rfd8 19. Rfe1 Qb6 20. Qc2 Bf6
21. Ne5 Nxe3 22. Rxe3 c6 23. Red3 Rd5 24. Nc4 Qd8 25. Ne3 Rxd4 26. Rxd4 Bxd4
27. Nf5 c5 28. Nxd4 cxd4 29. Qd3 Rc8 30. Qxd4 Qxd4 31. Rxd4 Rc1+ 32. Kh2 Rc2
33. Rb4 b6 34. Kg3 g5 35. Rb5 Kg7 36. a4 Kg6 37. b4 h5 38. f3 h4+ 39. Kh2 f6
40. a5 Rc6 41. axb6 axb6 42. Kg1 Kf7 43. Kf2 Ke7 44. f4 Rc2+ 45. Kf3 Rc3+ 46.
Kf2 gxf4 47. Rxb6 Kf7 48. Rb8 Kg6 49. b5 Kf5 50. Rh8 Kg5 51. Rg8+ Kf5 52. Rh8
Rc2+ 53. Kf3 Rc3+ 54. Kf2 Rc2+ 1/2-1/2

[Event "Politiken Cup"]
[Site "Copenhagen"]
[Date "2006.07.27"]
[Round "6.30"]
[White "Berry, Neil"]
[Black "Eddy, Samuel"]
[Result "1/2-1/2"]
[WhiteElo "2334"]
[BlackElo "2069"]
[PlyCount "130"]
[EventDate "2006.??.??"]

1. d4 g6 2. c4 Bg7 3. Nf3 d6 4. e4 e5 5. Bg5 f6 6. Be3 Nh6 7. dxe5 dxe5 8. Nc3
Qxd1+ 9. Rxd1 c6 10. c5 Be6 11. h3 Nd7 12. Nd2 f5 13. f3 Nf7 14. Bc4 Ke7 15.
Bxe6 Kxe6 16. Nc4 f4 17. Bf2 Bf8 18. Na4 Be7 19. b3 Bd8 20. Nd6 Nxd6 21. Rxd6+
Ke7 22. Ke2 g5 23. Rhd1 Nf6 24. g3 Bc7 25. gxf4 gxf4 26. Bh4 Bxd6 27. cxd6+ Kf7
28. d7 Rad8 29. Nc5 b6 30. Rd6 bxc5 31. Bxf6 Rxd7 32. Rxd7+ Kxf6 33. Rxa7 Ke6
34. a4 Rb8 35. Rxh7 Rxb3 36. a5 Ra3 37. Rg7 c4 38. a6 Re3+ 39. Kd2 Rxf3 40. Rc7
Kd6 41. a7 Ra3 42. Rf7 f3 43. h4 f2 44. Rxf2 Rxa7 45. Kc3 Kc5 46. Rh2 Ra3+ 47.
Kb2 Rb3+ 48. Kc2 Kd4 49. h5 Kxe4 50. h6 Rb8 51. h7 Rh8 52. Kc3 Kd5 53. Rh5 Ke4
54. Kxc4 Kf4 55. Kc5 e4 56. Kxc6 e3 57. Rh6 e2 58. Re6 Kf3 59. Rf6+ Kg2 60.
Rg6+ Kf2 61. Rf6+ Ke1 62. Rh6 Kf2 63. Rf6+ Ke3 64. Re6+ Kd3 65. Rd6+ Ke3
1/2-1/2

[Event "Politiken Cup"]
[Site "Copenhagen"]
[Date "2006.07.27"]
[Round "6.31"]
[White "Strand, Haakon"]
[Black "Roelvaag, Mikael"]
[Result "0-1"]
[WhiteElo "2034"]
[BlackElo "2282"]
[PlyCount "52"]
[EventDate "2006.??.??"]

1. e4 e6 2. d4 d5 3. e5 c5 4. c3 Nc6 5. Nf3 Qb6 6. Bd3 cxd4 7. cxd4 Bd7 8. O-O
Nxd4 9. Nbd2 Nc6 10. Nb3 Nge7 11. Be3 Qc7 12. Rc1 Ng6 13. Bd4 Qd8 14. Bc3 Be7
15. g3 O-O 16. h4 f5 17. exf6 gxf6 18. Qc2 Rf7 19. Bxg6 hxg6 20. Qxg6+ Rg7 21.
Qd3 Qe8 22. Rfe1 Qh5 23. Bd2 Ne5 24. Nxe5 fxe5 25. Qe2 Qxh4 26. Qxe5 Qh3 0-1

[Event "Politiken Cup"]
[Site "Copenhagen"]
[Date "2006.07.27"]
[Round "6.32"]
[White "Lahlum, Hans Olav"]
[Black "Ertbjerg, Andreas Lund"]
[Result "1-0"]
[WhiteElo "2264"]
[BlackElo "2034"]
[PlyCount "47"]
[EventDate "2006.??.??"]

1. d4 d5 2. c4 c6 3. Nc3 Nf6 4. e3 Bf5 5. cxd5 cxd5 6. Qb3 Qd7 7. Nf3 e6 8. Bb5
Nc6 9. Ne5 Qc7 10. Qa4 Rc8 11. Qxa7 Bb4 12. Bxc6+ bxc6 13. Qxc7 Rxc7 14. Bd2 c5
15. O-O Ke7 16. a3 Bxc3 17. Bxc3 Ne4 18. Ba5 Rb7 19. f3 Nf6 20. dxc5 Rxb2 21.
Bb4 Rc8 22. Rfc1 Ke8 23. c6 Bc2 24. Bc3 1-0

[Event "Politiken Cup"]
[Site "Copenhagen"]
[Date "2006.07.27"]
[Round "6.33"]
[White "Hansen, Herluf"]
[Black "Christensen, Bo Garner"]
[Result "1-0"]
[WhiteElo "2028"]
[BlackElo "2247"]
[PlyCount "145"]
[EventDate "2006.??.??"]

1. d4 f5 2. Nc3 Nf6 3. Bg5 c5 4. Bxf6 exf6 5. Nf3 Nc6 6. Qd2 d5 7. dxc5 d4 8.
Nb5 Bxc5 9. O-O-O Be6 10. Nfxd4 Nxd4 11. Nxd4 Bxd4 12. Qxd4 Qa5 13. e3 Rc8 14.
a3 O-O 15. Bd3 Rfd8 16. Qb4 Qd5 17. c3 a5 18. Qb6 Rc6 19. Qb5 Rc5 20. Qa4 Rdc8
21. Rd2 Qxg2 22. Rhd1 Qc6 23. Qxc6 R8xc6 24. a4 Kf7 25. Bb5 Rc8 26. Bd7 R8c7
27. Bxe6+ Kxe6 28. Rd6+ Ke7 29. R6d5 g6 30. R1d4 b6 31. Kd2 f4 32. Re4+ Kf7 33.
Rxc5 Rxc5 34. Rxf4 Rh5 35. h4 g5 36. hxg5 Rxg5 37. Rh4 Kg6 38. b4 h5 39. Rd4
Rg1 40. Ke2 Ra1 41. bxa5 bxa5 42. Kf3 Ra3 43. Kg3 Ra2 44. e4 Ra3 45. Rc4 Ra1
46. f4 Rg1+ 47. Kf2 Ra1 48. Kg2 Ra3 49. Kg3 Ra1 50. Rc5 Kf7 51. Rc7+ Kg6 52.
f5+ Kh6 53. Rf7 Rxa4 54. Rxf6+ Kg7 55. Re6 Rc4 56. Kh4 Rxc3 57. Kxh5 a4 58. Kg5
Rg3+ 59. Kf4 Rb3 60. Ra6 Rb4 61. Ke5 Kf7 62. Kd5 Ke7 63. e5 Rb5+ 64. Kd4 Rb4+
65. Kc5 Rf4 66. f6+ Kf7 67. Kd5 Rb4 68. Ra7+ Kg6 69. Ke6 Rb8 70. Rxa4 Re8+ 71.
Kd6 Kf5 72. f7 Rb8 73. e6 1-0

[Event "Politiken Cup"]
[Site "Copenhagen"]
[Date "2006.07.27"]
[Round "6.34"]
[White "Pluemer, Detlef"]
[Black "Frisk, Hans"]
[Result "1/2-1/2"]
[WhiteElo "2237"]
[BlackElo "2032"]
[PlyCount "27"]
[EventDate "2006.??.??"]

1. d4 d5 2. c4 dxc4 3. Nf3 a6 4. e3 b5 5. a4 Bb7 6. b3 e6 7. axb5 axb5 8. Rxa8
Bxa8 9. bxc4 bxc4 10. Bxc4 Nf6 11. O-O Be7 12. Qa4+ Nbd7 13. Ne5 O-O 14. Nxd7
1/2-1/2

[Event "Politiken Cup"]
[Site "Copenhagen"]
[Date "2006.07.27"]
[Round "6.35"]
[White "Valla, Martin"]
[Black "Skovgaard, Peter"]
[Result "0-1"]
[WhiteElo "2034"]
[BlackElo "2235"]
[PlyCount "74"]
[EventDate "2006.??.??"]

1. d4 Nf6 2. c4 c5 3. d5 e6 4. Nc3 exd5 5. cxd5 d6 6. e4 g6 7. f4 Bg7 8. Bb5+
Nfd7 9. a4 O-O 10. Nf3 Na6 11. O-O Nb4 12. Re1 a6 13. Bf1 Re8 14. h3 f5 15.
exf5 Rxe1 16. Nxe1 gxf5 17. Nc2 Qh4 18. Nxb4 cxb4 19. Ne2 Nc5 20. Be3 Bd7 21.
g3 Qe7 22. Bxc5 dxc5 23. Qd2 Re8 24. Kf2 Qf6 25. Ra2 b5 26. axb5 Bxb5 27. Nc1
c4 28. b3 c3 29. Qd1 Qb6+ 30. Kg2 Re4 31. Bxb5 Qxb5 32. Qd3 Qxd3 33. Nxd3 Rd4
34. Nf2 Rxd5 35. Rxa6 c2 36. Ra8+ Kf7 37. Ra7+ Ke8 0-1

[Event "Politiken Cup"]
[Site "Copenhagen"]
[Date "2006.07.27"]
[Round "6.36"]
[White "Willumsen, Henrik"]
[Black "Kirkegaard, Niels"]
[Result "1-0"]
[WhiteElo "2227"]
[BlackElo "2029"]
[PlyCount "175"]
[EventDate "2006.??.??"]

1. e4 c5 2. Nf3 Nc6 3. d4 cxd4 4. Nxd4 Nf6 5. Nc3 e5 6. Ndb5 d6 7. Bg5 a6 8.
Na3 b5 9. Nd5 Be7 10. Bxf6 Bxf6 11. c3 O-O 12. Nc2 Bg5 13. a4 bxa4 14. Rxa4 a5
15. Bc4 Rb8 16. b3 Kh8 17. Nce3 g6 18. h4 Bxh4 19. Nf5 gxf5 20. Qh5 Qg5 21.
Rxh4 Qxh5 22. Rxh5 fxe4 23. Nf6 Kg7 24. Nxe4 Rd8 25. Rg5+ Kh6 26. Rg3 Nd4 27.
cxd4 d5 28. Ng5 dxc4 29. Nxf7+ Kh5 30. Nxd8 cxb3 31. Ra1 b2 32. Rb1 Bf5 33.
Rxb2 Rxb2 34. Nf7 Bg6 35. Rg5+ Kh4 36. g3+ Kh3 37. Nxe5 a4 38. Nxg6 hxg6 39.
Ra5 Rb4 40. d5 Kg4 41. Ke2 Kf5 42. Ke3 Ke5 43. f4+ Kd6 44. Kf3 Rc4 45. Kg4 Rd4
46. Ra6+ Kxd5 47. Rxg6 Kc4 48. Kg5 a3 49. f5 Kb3 50. Rb6+ Rb4 51. Rxb4+ Kxb4
52. f6 a2 53. f7 a1=Q 54. f8=Q+ Kb3 55. Qf7+ Kc2 56. g4 Qh8 57. Kg6 Kd1 58. g5
Qe5 59. Qf1+ Kd2 60. Qf6 Qe8+ 61. Kf5 Qc8+ 62. Qe6 Qf8+ 63. Kg4 Qb4+ 64. Kh5
Qc5 65. Kh6 Qd4 66. g6 Qf4+ 67. Kh7 Qh4+ 68. Kg8 Qd8+ 69. Kf7 Qc7+ 70. Ke8 Kc1
71. Qe1+ Kc2 72. Qf2+ Kc1 73. Qg1+ Kc2 74. Qg2+ Kb1 75. g7 Qe5+ 76. Kd7 Qf5+
77. Kd6 Qf6+ 78. Kc5 Qe7+ 79. Kd4 Qf6+ 80. Ke3 Qb6+ 81. Ke2 Qb5+ 82. Ke3 Qc5+
83. Kf4 Qc7+ 84. Ke3 Qc5+ 85. Ke2 Qc4+ 86. Kf2 Qd4+ 87. Ke1 Qe4+ 88. Qxe4+ 1-0

[Event "Politiken Cup"]
[Site "Copenhagen"]
[Date "2006.07.27"]
[Round "6.37"]
[White "Hansen, Jesper"]
[Black "Molvig, Henrik"]
[Result "0-1"]
[WhiteElo "2014"]
[BlackElo "2218"]
[PlyCount "96"]
[EventDate "2006.??.??"]

1. d4 d5 2. c4 c6 3. Nf3 Nf6 4. Nc3 dxc4 5. a4 Bf5 6. e3 e6 7. Bxc4 Bb4 8. O-O
O-O 9. Nh4 Bg4 10. f3 Bh5 11. g4 Nd5 12. Ng2 Bg6 13. Ne2 Nd7 14. Kh1 a5 15. e4
N5b6 16. Ba2 Qe7 17. Nef4 Rfd8 18. Qe2 e5 19. Nxg6 hxg6 20. Be3 exd4 21. Bxd4
Nc5 22. Bxc5 Qxc5 23. Rfd1 Qe7 24. Bb3 Nd7 25. Nf4 Ne5 26. Rxd8+ Rxd8 27. Rd1
Rxd1+ 28. Qxd1 Qf6 29. Nd3 Qxf3+ 30. Qxf3 Nxf3 31. Kg2 Nd2 32. Bc2 Nc4 33. Kf2
Bd6 34. h3 Kf8 35. Ke2 Ke7 36. b3 Nb6 37. Ne1 Ke6 38. Nf3 Nd7 39. Ng5+ Ke7 40.
Nf3 Bf4 41. Ne1 Nc5 42. Nd3 Ne6 43. Bd1 Kd6 44. Kf3 Bd2 45. Ke2 Bc3 46. Ke3
Bd4+ 47. Kf3 Ng5+ 48. Kg2 Nxe4 0-1

[Event "Politiken Cup"]
[Site "Copenhagen"]
[Date "2006.07.27"]
[Round "6.38"]
[White "Preuss, Flemming"]
[Black "Romsdal, Trond"]
[Result "0-1"]
[WhiteElo "2023"]
[BlackElo "2215"]
[PlyCount "146"]
[EventDate "2006.??.??"]

1. e4 c5 2. Nc3 d6 3. g3 Nc6 4. Bg2 g6 5. d3 Bg7 6. f4 e6 7. Nf3 Nge7 8. O-O
Rb8 9. a4 a6 10. Be3 b5 11. axb5 axb5 12. Qd2 b4 13. Nd1 O-O 14. c3 f5 15. e5
dxe5 16. Nxe5 Nxe5 17. fxe5 Bxe5 18. Bxc5 bxc3 19. bxc3 Bd6 20. Be3 Nd5 21. Bh6
Rf7 22. d4 Rc7 23. Rc1 Ba6 24. Re1 Qc8 25. Bxd5 exd5 26. Bf4 Bxf4 27. Qxf4 Bd3
28. Nf2 Be4 29. Nxe4 dxe4 30. Qe5 Qd7 31. d5 Rbc8 32. Red1 h5 33. d6 Rc4 34.
Rd5 Kf7 35. Rb5 R4c6 36. Qd5+ Kf8 37. Rd1 Rd8 38. Qe5 Rxd6 39. Rxd6 Qxd6 40.
Qh8+ Kf7 41. Qh7+ Kf6 42. Rb1 Qc5+ 43. Kh1 Qc6 44. Qa7 e3+ 45. Kg1 e2 46. Re1
Rd1 47. Kf2 Rxe1 48. Kxe1 Qh1+ 49. Kxe2 Qxh2+ 50. Kf3 Qh1+ 51. Kf2 Qe4 52. Qb6+
Qe6 53. Qd4+ Qe5 54. Qd8+ Kg7 55. c4 Qb2+ 56. Kg1 Qc1+ 57. Kh2 Qxc4 58. Qe7+
Qf7 59. Qe5+ Qf6 60. Qc7+ Kh6 61. Qc1+ g5 62. Kh1 Qe6 63. Qd2 h4 64. gxh4 Qe4+
65. Kg1 Qxh4 66. Qd8 Qg3+ 67. Kh1 Qf3+ 68. Kg1 Kh5 69. Kh2 Kg4 70. Kg1 Qe3+ 71.
Kh1 Qe1+ 72. Kg2 Qe2+ 73. Kh1 Kh3 0-1

[Event "Politiken Cup"]
[Site "Copenhagen"]
[Date "2006.07.27"]
[Round "6.39"]
[White "Wiwe, Andreas"]
[Black "Nielsen, Morten"]
[Result "1-0"]
[WhiteElo "2215"]
[BlackElo "2019"]
[PlyCount "49"]
[EventDate "2006.??.??"]

1. e4 Nf6 2. e5 Nd5 3. d4 d6 4. Nf3 Bg4 5. Be2 c6 6. c4 Nb6 7. Nbd2 dxe5 8.
Nxe5 Bxe2 9. Qxe2 e6 10. O-O N8d7 11. Ndf3 Nxe5 12. dxe5 Qc7 13. Bf4 O-O-O 14.
a4 a5 15. Bd2 Nd7 16. Qe1 b6 17. b4 axb4 18. Bxb4 Nc5 19. Bxc5 Bxc5 20. a5 Kd7
21. a6 Ke7 22. Qe4 f5 23. exf6+ gxf6 24. Rfe1 Rd6 25. a7 1-0

[Event "Politiken Cup"]
[Site "Copenhagen"]
[Date "2006.07.27"]
[Round "6.40"]
[White "Dawson, Jeffery R"]
[Black "Jorgensen, Dennis"]
[Result "0-1"]
[WhiteElo "2009"]
[BlackElo "2179"]
[PlyCount "74"]
[EventDate "2006.??.??"]

1. e4 c6 2. d4 d5 3. e5 Bf5 4. Ne2 e6 5. Ng3 Bg6 6. Bd3 c5 7. c3 Nc6 8. O-O Rc8
9. Be3 Qb6 10. b3 cxd4 11. Bxd4 Nxd4 12. cxd4 Ne7 13. Na3 Nc6 14. Nc2 Be7 15.
Kh1 O-O 16. Bxg6 fxg6 17. Qg4 Nxe5 18. Qe2 Nd7 19. Ne1 Rc6 20. Rd1 Bf6 21. Qe3
Rfc8 22. Ne2 Nf8 23. g3 g5 24. Kg2 Ng6 25. Rh1 Ne7 26. Qd2 Nf5 27. f4 gxf4 28.
Qxf4 Qa5 29. g4 Nh4+ 30. Kf1 Rf8 31. Kg1 Qxa2 32. Rd2 Qb1 33. Qg3 Bg5 34. Rd3
Rc2 35. Nc3 Rg2+ 36. Qxg2 Qxe1+ 37. Qf1 Qxf1# 0-1

[Event "Politiken Cup"]
[Site "Copenhagen"]
[Date "2006.07.27"]
[Round "6.41"]
[White "Schultz-Pedersen, Jesper"]
[Black "Asbjornsson, Ingvar"]
[Result "0-1"]
[WhiteElo "2203"]
[BlackElo "2007"]
[PlyCount "54"]
[EventDate "2006.??.??"]

1. e4 c5 2. f4 e6 3. Nf3 Nf6 4. Nc3 d5 5. Bb5+ Bd7 6. Bxd7+ Nbxd7 7. d3 Nb6 8.
Qe2 Be7 9. O-O O-O 10. b3 Rc8 11. Bb2 c4 12. bxc4 Nxc4 13. Bc1 Na3 14. Bxa3
Bxa3 15. Nd1 dxe4 16. dxe4 Qc7 17. Ne1 Rfd8 18. Rb1 b6 19. Kh1 Qc4 20. Qxc4
Rxc4 21. e5 Ne4 22. Ne3 Rc3 23. Rb3 Rxb3 24. cxb3 Rd2 25. N1c2 Bc5 26. Rc1 Nf2+
27. Kg1 Nd3 0-1